000 00325nam a2200133Ia 4500
008 190723s9999 xx 000 0 und d
020 _a978-81-265-5423-2
100 _aWerwin Kreyszig
245 0 _aAdvanced Engineering Mathematics
250 _a10th
260 _aNew Delhi
_bWiley
_c2011
300 _a1227.:p
942 _cBK
999 _c1688
_d1688